000
00422cam a2200181ua 4500
041
_a
eng
_h
100
_a
Singh, P.K .
245
_a
labortary manual on watershed management engineering
260
_a
Udaipur :
_b
Dept.SWC ,
_c
2004.
300
_a
; .
504
_a
700
1
_a
Rajvir, singh .
942
_c
BK
999
_c
12924
_d
12924